Loading...
| Current Events | 2 | 15.00 | 100% | 50% | 0% |
| Fine Arts - Classical Music | 3 | 16.67 | 100% | 67% | 0% |
| Fine Arts - Other | 7 | 12.86 | 100% | 29% | 0% |
| Fine Arts - Painting and Sculpture | 5 | 12.00 | 80% | 40% | 0% |
| History - American | 4 | 7.50 | 75% | 0% | 0% |
| History - European | 4 | 25.00 | 100% | 75% | 75% |
| History - Other | 3 | 16.67 | 100% | 67% | 0% |
| History - World | 5 | 22.00 | 100% | 100% | 20% |
| Literature - American | 2 | 15.00 | 100% | 50% | 0% |
| Literature - British | 4 | 20.00 | 100% | 100% | 0% |
| Literature - European | 5 | 16.00 | 100% | 60% | 0% |
| Literature - World | 5 | 16.00 | 100% | 60% | 0% |
| Mythology | 5 | 20.00 | 100% | 80% | 20% |
| Philosophy | 6 | 10.00 | 83% | 17% | 0% |
| Pop Culture | 2 | 20.00 | 100% | 100% | 0% |
| Religion | 5 | 12.00 | 100% | 20% | 0% |
| Science - Biology | 5 | 12.00 | 100% | 20% | 0% |
| Science - Chemistry | 3 | 10.00 | 100% | 0% | 0% |
| Science - Other | 4 | 12.50 | 100% | 25% | 0% |
| Science - Physics | 4 | 10.00 | 100% | 0% | 0% |
| Social Science | 5 | 12.00 | 80% | 40% | 0% |